• 首页
  • 本馆介绍
  • 公告通知
  • 最新文献
  • 馆藏检索
  • 电子资源
  • 读者导购
  • 参考咨询
  • 我的图书馆
  • 登录
  • 详细信息显示
  • 放入我的书架
  • 预约/预借图书
  • 作者相关作品
  • 分类相关作品
  • 丛书相关作品
  • 出版社相关作品

书目信息

  • 表格格式
  • 工作单格式
  • 卡片格式
题名:
食品雕刻与盘饰造型艺术
    
 
作者: 刘利 , 李凤荣 主编
分册:  
出版信息: 北京   中国财富出版社  2013
页数: 130页
开本: 26cm
丛书名: 吉林省精品课程开发建设系列教材
单 册:
中图分类: TS972.114
科图分类:
主题词: 食品雕刻--装饰雕塑--教材 , 食品雕刻 , 装饰雕塑
电子资源:
ISBN: 978-7-5047-4776-1
000 00953nam0 2200277 450
001 151
005 20160906084046.40
010    @a978-7-5047-4776-1@dCNY20.00
100    @a20131126d2013 em y0chiy50 ea
101 0  @achi
102    @aCN@b110000
105    @aa z 000yy
200 1  @a食品雕刻与盘饰造型艺术@b专著@f刘利,李凤荣主编@9shi pin diao ke yu pan shi zao xing yi shu
210    @a北京@c中国财富出版社@d2013
215    @a130页@c图@d26cm
225 2  @a吉林省精品课程开发建设系列教材
330    @a本书共分为六章二十四节内容,从食品雕刻的形成与发展、食品雕刻的基础知识、食品雕刻造型艺术、冷菜拼摆造型艺术、盘饰与面饰造型艺术等方面进行讲解。
410  0 @12001
606 0  @a食品雕刻@x装饰雕塑@j教材
606 0  @a食品雕刻
606 0  @a装饰雕塑
690    @aTS972.114@v5
701  0 @a刘利@c(烹饪)@4主编@9liu li
701  0 @a李凤荣@c(女)@4主编@9li feng rong
801  0 @aCN@b唐山师范学院图书馆@c20160720
905    @aZUCC@dTS972.114@e382
    
    食品雕刻与盘饰造型艺术/刘利,李凤荣主编.-北京:中国财富出版社,2013
    130页:图;26cm.-(吉林省精品课程开发建设系列教材)
    
    
    ISBN 978-7-5047-4776-1:CNY20.00
    本书共分为六章二十四节内容,从食品雕刻的形成与发展、食品雕刻的基础知识、食品雕刻造型艺术、冷菜拼摆造型艺术、盘饰与面饰造型艺术等方面进行讲解。
●
相关链接 在E读中查询图书 在五车中查询图书 在当当中查询图书 在豆瓣中查询图书


正题名:食品雕刻与盘饰造型艺术     索取号:TS972.114/382         预约/预借

序号 登录号 条形码 馆藏地/架位号 状态 备注
1 900625   209006252   第二样本阅览室/ [索取号:TS972.114/382] 在馆    
2 900626   209006261   第三借阅区/ [索取号:TS972.114/382] 在馆    
3 900627   209006270   第三借阅区/ [索取号:TS972.114/382] 在馆    
4 900628   209006289   第三借阅区/ [索取号:TS972.114/382] 在馆    
唐山师范学院图书馆 欢迎您!
大连网信软件有限公司© 版权所有